| 000 | 00918nas a22002537a 4500 | ||
|---|---|---|---|
| 999 |
_c4923 _d4923 |
||
| 001 | 4923 | ||
| 003 | CDMR | ||
| 005 | 20231121102943.0 | ||
| 008 | 130130c2010|||||||a||||||||||||||||||||d | ||
| 040 |
_bcat _cCDMR |
||
| 110 | 2 |
_9828 _aConsell de l'Audiovisual de Catalunya |
|
| 245 | 1 | 0 |
_aInforme de l'audiovisual a Catalunya _c/ Consell de l'Audiovisual de Catalunya |
| 246 | _aInforme del sector audiovisual | ||
| 260 |
_aBarcelona : _bCAC, _c1997- |
||
| 300 |
_av. _c30 cm |
||
| 500 | _aTítol relacionat : Quaderns del CAC | ||
| 500 | _aVariacions en el títol | ||
| 500 | _aL'informe es publica també com a número monogràfic de la revista Quaderns del CAC | ||
| 651 | 0 | 4 |
_94609 _aCatalunya |
| 653 | _aPolítica audiovisual | ||
| 653 | _aMemòria | ||
| 856 | 4 | 0 |
_uhttps://www.cac.cat/acords-recerca/informes-del-sector-audiovisual _yDisponible en línia des de l'any 2001 _z(Accés lliure) |
| 942 |
_cSER _2udc |
||